[Event "South Wales op 9th"]
[Site "Penarth"]
[Date "2012.07.10"]
[Round "5"]
[White "Jackson, James P"]
[Black "Poobalasingam, Peter"]
[Result "1-0"]
[WhiteElo "2126"]
[BlackElo "2263"]
[PlyCount "65"]
[EventDate "2012.07.08"]
[EventType "swiss"]
[EventRounds "9"]
[EventCountry "WLS"]
[SourceTitle "CBM 149 Extra"]
[Source "ChessBase"]
[SourceDate "2012.08.24"]
[SourceVersion "1"]
[SourceVersionDate "2012.08.24"]
[SourceQuality "1"]

1. e4 e5 2. Nf3 Nf6 3. Nxe5 d6 4. Nf3 Nxe4 5. Nc3 Nxc3 6. dxc3 Be7 7. Be3 Nc6 8. Qd2 Ne5 9. Be2 Nxf3+ 10. Bxf3 0-0 11. 0-0-0 a5 12. Kb1 Qe8 13. h4 Be6 14. h5 c5 15. h6 g6 16. Bg5 Bxg5 17. Qxg5 f6 18. Qf4 Qf7 19. Rxd6 Bxa2+ 20. Ka1 Kh8 21. Rhd1 Be6 22. Bd5 Bxd5 23. R1xd5 g5 24. Qf5 Qg6 25. Qxg6 hxg6 26. Rxc5 Rad8 27. Rd4 Rfe8 28. Rc7 Rxd4 29. cxd4 Re2 30. d5 Rd2 31. c4 b5 32. cxb5 Rxd5 33. b6 1-0